000
00231nam a2200097Ia 4500
008
190216s9999||||xx |||||||||||||| ||und||
100
_a
Raj Pa &sons
245
0
_a
Hindi-Shitharom Ki Kahani
260
_b
Nbs Kottayam
942
_c
BK
999
_c
18366
_d
18366